Meses do ano com 31 dias - Statistics

Estatísticas Gerais
  • Esse quiz foi jogado 164 vezes
  • A pontuação média é 7 de 7
Estatísticas das Respostas
Resposta % Correto
Janeiro
99%
Maio
98%
Março
96%
Julho
94%
Agosto
92%
Dezembro
91%
Outubro
90%
Nenhum quiz correspondente encontrado
Distribuição das Pontuações
Porcentagem de Pessoas com Cada Pontuação
Percentil de Números Respondidos
Sua Pontuação Histórica
Você não jogou esse quiz